¿Desmantelar o reformar el estado? /

שמור ב:
מידע ביבליוגרפי
מחבר ראשי: Garita Bonilla, Nora
מחברים אחרים: López Subirós, Marta E.
פורמט: Texto
יצא לאור: San José: Editorial Universidad de Costa Rica
נושאים:
תגים: הוספת תג
אין תגיות, היה/י הראשונ/ה לתייג את הרשומה!

MARC

LEADER 00000 a a2200000 04500
001 32664
003
040
020 |a 9977-67-160-5  
022 |a 9977-67-160-5  
090 |a 203400  
100 |a Garita Bonilla, Nora  
245 |a ¿Desmantelar o reformar el estado? /  |c Nora Garita Bonilla 
260 |a San José:   |b Editorial Universidad de Costa Rica  
300 |a 30 p.  
650 |a ESTADO  
650 |a ESTILOS DE DESARROLLO  
650 |a AJUSTE ESTRUCTURAL  
650 |a POLITICA ECONOMICA  
650 |a INTERVENCION DEL ESTADO  
650 |a ENCUESTAS DE OPINION PUBLICA  
650 |a RESULTADOS DE INVESTIGACION  
650 |a GOBERNABILIDAD  
650 |a CRISIS  
650 |a COSTA RICA  
700 |a López Subirós, Marta E.  
999 |c 1112  |d 1112